000
00366cam a2200169ua 4500
020
_c
3.50
041
_a
mal
_h
082
_a
923.2
_b
CHA/BH
100
_a
Chaman Lal, Azad .
245
_a
Bhagath Singh - Dutt
260
_a
Quilon :
_b
Janayugam book ,
_c
1967.
300
_a
242 ; .
365
_a
3.50
504
_a
942
_c
BK
999
_c
4358
_d
4358